Statistics for Only The Poets - Waking In The Dark (all lyrics)

Click here to take the quiz!

General Stats

  • This quiz has been taken 3 times
  • The average score is 220 of 228

Answer Stats

Answer% Correct
a
100%
advice
100%
afraid
100%
alright
100%
And
100%
and
100%
are
100%
away
100%
be
100%
But
100%
calm
100%
Can't
100%
chaos
100%
Constantly
100%
dark
100%
define
100%
don't
100%
Don't
100%
dry
100%
Everything's
100%
far
100%
feeling
100%
fight
100%
find
100%
fine
100%
for
100%
giving
100%
hard
100%
Holding
100%
if
100%
If
100%
in
100%
it
100%
keep
100%
keeping
100%
linings
100%
lonely
100%
No
100%
on
100%
pressure
100%
Pushing
100%
reaching
100%
Said
100%
say
100%
scars
100%
second
100%
see
100%
show
100%
Silver
100%
So
100%
someone
100%
That
100%
the
100%
they
100%
Through
100%
to
100%
try
100%
under
100%
Waking
100%
waking
100%
walking
100%
We
100%
weather
100%
were
100%
what
100%
When
100%
who
100%
why
100%
wonder
100%
You
100%
you
100%
You'll
100%
Your
100%
your
100%
you're
100%
yourself
100%
all
67%
All
67%
forever
67%
inside
67%
kept
67%
know
67%
last
67%
lines
67%
make
67%
other
67%
over
67%
side
67%
start
67%
struggles
67%
time
67%
We'll
67%
won't
67%
after
33%
Because
33%

Score Distribution

Percentile by Number Answered

Percent of People with Each Score

Your Score History

You have not taken this quiz